ბათუმის შოთა რუსთაველის სახელმწიფო უნივერსიტეტის ბიბლიოთეკა

Генетика человека. (ბიბ.ჩანაწერი № 35049)

000 -LEADER
fixed length control field 00577nam a2200241Ia 4500
001 - CONTROL NUMBER
control field 889
003 - CONTROL NUMBER IDENTIFIER
control field GE_BSU
008 - FIXED-LENGTH DATA ELEMENTS--GENERAL INFORMATION
fixed length control field 181216s||||||||xx |||||||||||||| ||und||
020 ## - INTERNATIONAL STANDARD BOOK NUMBER
International Standard Book Number 9785382010588
040 ## - CATALOGING SOURCE
Transcribing agency GE_BSU
080 ## - UNIVERSAL DECIMAL CLASSIFICATION NUMBER
Universal Decimal Classification number 579(075.8)
100 ## - MAIN ENTRY--PERSONAL NAME
Personal name Гнаткин,Е.Н.
245 ## - TITLE STATEMENT
Title Генетика человека.
245 ## - TITLE STATEMENT
Remainder of title Былое и грядущее.
250 ## - EDITION STATEMENT
Edition statement Изд.2-е
260 ## - PUBLICATION, DISTRIBUTION, ETC.
Place of publication, distribution, etc. Москва
260 ## - PUBLICATION, DISTRIBUTION, ETC.
Name of publisher, distributor, etc. ЛКИ
260 ## - PUBLICATION, DISTRIBUTION, ETC.
Date of publication, distribution, etc. 2010
300 ## - PHYSICAL DESCRIPTION
Extent 280 с.
653 ## - INDEX TERM--UNCONTROLLED
Uncontrolled term Генетика Человека
942 ## - ADDED ENTRY ELEMENTS (KOHA)
Koha item type წიგნი
ეგზემპლარები
Withdrawn status Lost status Damaged status Not for loan Date acquired Barcode Date last seen Price effective from Koha item type
        2018-12-17 2450 2018-12-17 2018-12-17 წიგნი